| 000 | 00977cam a2200289 a 4500 | ||
|---|---|---|---|
| 999 |
_c1360 _d1360 |
||
| 001 | 1622082 | ||
| 003 | OSt | ||
| 005 | 20221228160605.0 | ||
| 008 | 190711s1978 nyua c 000 0 eng d | ||
| 020 |
_a9780316358507 _q(pbk) : |
||
| 020 |
_a0316358509 _q(pbk) : |
||
| 040 |
_aKML _beng _cKML _eaacr2 _dKH8 |
||
| 041 | 1 |
_aeng _hfre |
|
| 042 | _anbic | ||
| 082 | 0 | _a741.59493 HER | |
| 100 | 0 |
_aHerge. _eauthor |
|
| 245 | 1 | 0 |
_aThe broken ear / _cHerge. |
| 250 | _a1st American ed. | ||
| 260 |
_aNew York : _bLittle, Brown and Co, _cc1978. |
||
| 300 |
_a62 p : _bcol. ill ; _c30 cm. |
||
| 490 | 1 | _aThe adventures of Tintin. | |
| 500 | _aThe adventures of Tintin (Les Aventures de Tintin) is a series of comic strips created by the Belgian artist Georges Re'mi (1907-1983), who wrote under the pen name of Herge. | ||
| 650 | 0 |
_aAdventure and adventurers _xComic books, strips, etc. |
|
| 650 | 0 | _aCartoons and comics. | |
| 830 | 0 | _aThe adventures of Tintin. | |
| 942 |
_2ddc _cNFIC |
||